Samasamayik rajnaitik arthaniti (Major13)/ (Record no. 12306)

MARC details
000 -LEADER
fixed length control field 00585nam a22002057a 4500
005 - DATE AND TIME OF LATEST TRANSACTION
control field 20260515115123.0
008 - FIXED-LENGTH DATA ELEMENTS--GENERAL INFORMATION
fixed length control field 260316b |||||||| |||| 00| 0 eng d
020 ## - INTERNATIONAL STANDARD BOOK NUMBER
International Standard Book Number 9789347492402
040 ## - CATALOGING SOURCE
Original cataloging agency IN-DiNC
Transcribing agency IN-DiNC
041 ## - LANGUAGE CODE
Language code of sung or spoken text asm
082 ## - DEWEY DECIMAL CLASSIFICATION NUMBER
Classification number 320
Item number GOH
100 ## - MAIN ENTRY--PERSONAL NAME
Personal name Gohain, Nabin
Relator term author
245 ## - TITLE STATEMENT
Title Samasamayik rajnaitik arthaniti (Major13)/
Statement of responsibility, etc. by Nabin Gohain and Pankaj Bora
250 ## - EDITION STATEMENT
Edition statement 1st ed.
260 ## - PUBLICATION, DISTRIBUTION, ETC.
Place of publication, distribution, etc. Jorhat:
Name of publisher, distributor, etc. Bidya bhawan,
Date of publication, distribution, etc. 2026.
300 ## - PHYSICAL DESCRIPTION
Extent 376p.
650 ## - SUBJECT ADDED ENTRY--TOPICAL TERM
Topical term or geographic name entry element Contemporary political economy (Major13)
700 ## - ADDED ENTRY--PERSONAL NAME
Personal name Bora, Pankaj
Relator term author
942 ## - ADDED ENTRY ELEMENTS (KOHA)
Source of classification or shelving scheme Dewey Decimal Classification
Koha item type Books
Holdings
Withdrawn status Lost status Source of classification or shelving scheme Damaged status Not for loan Collection Home library Current library Shelving location Date acquired Cost, normal purchase price Total checkouts Full call number Barcode Date last seen Date last checked out Copy number Price effective from Koha item type
    Dewey Decimal Classification       Naharkatiya College Library Naharkatiya College Library General stacks 03/16/2026 340.00 1 320 GOH 31203 03/17/2026 03/17/2026 1 03/16/2026 Books
    Dewey Decimal Classification       Naharkatiya College Library Naharkatiya College Library General stacks 03/16/2026 340.00 1 320 GOH 31204 03/17/2026 03/17/2026 2 03/16/2026 Books
    Dewey Decimal Classification       Naharkatiya College Library Naharkatiya College Library General stacks 03/16/2026 340.00 1 320 GOH 31205 03/17/2026 03/17/2026 3 03/16/2026 Books
    Dewey Decimal Classification       Naharkatiya College Library Naharkatiya College Library General stacks 03/16/2026 340.00 1 320 GOH 31206 03/17/2026 03/17/2026 4 03/16/2026 Books
    Dewey Decimal Classification       Naharkatiya College Library Naharkatiya College Library General stacks 03/16/2026 340.00 1 320 GOH 31207 03/17/2026 03/17/2026 5 03/16/2026 Books